000 00319nam a2200133 i 4500
001 bg
100 1 _aSVEDOV, L. I.
245 0 _aChromonikel'aljuminevaja żarostojkaja stal' /
_cL.I. Svedov.
260 _aMinsk,
_c1974.
040 _cBPK
041 _apol
942 _cKS
008 s pl f |000 0 pol
999 _c26695
_d26695